Obras [de Ezequiel A. Chávez] : Resumen sintético de los principios de moral de Herbert Spencer, Resumen sintético del sistema de lógica de John Stuart Mill /
Gespeichert in:
| 1. Verfasser: | |
|---|---|
| Weitere Verfasser: | |
| Format: | Buch |
| Sprache: | Englisch |
| Veröffentlicht: |
México :
El Colegio Nacional,
2002, c2002
|
| Schlagworte: | |
| Tags: |
Keine Tags, Fügen Sie das erste Tag hinzu!
|
MARC
| LEADER | 00000nam^a2200000^a^4500 | ||
|---|---|---|---|
| 001 | 000153420 | ||
| 005 | 20250521000000.0 | ||
| 009 | 20260310100319.288 | ||
| 020 | |a 970-640-212-8 | ||
| 020 | |a 970-640-211-X | ||
| 037 | |a Acervo ITESO - Biblioteca | ||
| 041 | |a ING | ||
| 082 | |a 868. |b OBR EZE V. 1 | ||
| 100 | |a Chávez, Ezequiel A. |e (autor) | ||
| 240 | 1 | 1 | |a [Obras de El Colegio Nacional] |
| 240 | 1 | 1 | |a [Obras de Ezequiel A. Chávez] |
| 245 | 1 | 0 | |a Obras [de Ezequiel A. Chávez] : |b Resumen sintético de los principios de moral de Herbert Spencer, Resumen sintético del sistema de lógica de John Stuart Mill / |c E.A. Chávez ; presen. e introd. de M.C. Rovira Gaspar. |
| 264 | 4 | |a México : |b El Colegio Nacional, |c 2002, c2002 | |
| 300 | |a XI, 277 p. | ||
| 336 | |a texto |b txt |2 rdacontenido | ||
| 337 | |a sin mediación |b n |2 rdamedio | ||
| 338 | |a volumen |b nc |2 rdasoporte | ||
| 649 | |a XX | ||
| 650 | |a Filósofos Ingleses | ||
| 650 | |a Positivismo - |x Historia y Crítica | ||
| 650 | |a Irracionalismo - |x Historia y Crítica | ||
| 650 | |a Filosofía del Siglo XIX - |x Historia y Crítica | ||
| 650 | |a Spencer, Herbert | ||
| 650 | |a Mill, John Stuart | ||
| 740 | 0 | |a Resumen sintético de los principios de moral de Herbert Spencer / |c E.A. Chávez. | |
| 740 | 0 | |a Resumen sintético del sistema de lógica de John Stuart Mill / |c E.A. Chávez. | |
| 700 | |a Rovira Gaspar, María del Carmen |e (presentación e introducción) | ||
| 910 | |a Fondo General | ||
| 920 | |a Impresos - Libros | ||
| 930 | |a Colección General | ||
| 940 | |a Literatura | ||
| 905 | |a 101 | ||
| 901 | |a 0500082006 |b IT1 |c LIT |u 20250521 | ||
| 902 | |a https://opac.biblio.iteso.mx/vufind/Record/000153420 | ||